000 00704nam a2200289Ia 4500
005 20260324140739.0
008 008 260324s9999 xx 000 0 eng d
020 _a9781315861166
037 _aEBOOK
040 _aCRL
040 _beng
040 _cCRL
041 _2eng
041 _aeng
084 _qCRL
100 _aJulie Melnyk
_91205587
245 0 _aWomen's Theology in Nineteenth-Century Britain
245 0 _bTransfiguring the Faith of Their Fathers
260 _bTaylor and Francis
260 _c1998
365 _a
365 _b220
856 _uhttp://www.taylorfrancis.com/books/9781315861166
942 _cEBOOK
999 _c1807950
_d1807950